Protes

Bibliographic Details
Main Author: Shahnon Ahmad
Format: Book
Published: Kuala Lumpur : Teks Publishing , 1983

MARC

LEADER 00000cam a2200000 7i4500
001 0000007069
002 000007607
005 20000330.0
020 |a 9679460436 
090 0 0 |a F   |b SHA 
100 0 |a Shahnon Ahmad 
245 1 0 |a Protes   |c Shahnon Ahmad 
260 |a Kuala Lumpur :   |b Teks Publishing ,   |c 1983 
300 |a 184p. ;   |c 17cm. 
999 |a 0011257   |b BUKU   |c PINJAMAN   |e PERPUSTAKAAN KOMUNITI PETALING JAYA